Histoire des premières civilisations à la chute de Rome

Encylopédie en images

Sparad:
Bibliografiska uppgifter
Huvudupphovsman: Anne Millard
Materialtyp: Bok
Språk:Undetermined
Publicerad: Paris Rouge et Or 1980
Ämnen:
Taggar: Lägg till en tagg
Inga taggar, Lägg till första taggen!
Thư viện lưu trữ: Trung tâm Học liệu Trường Đại học Cần Thơ
LEADER 00552nam a2200193Ia 4500
001 CTU_10164
008 210402s9999 xx 000 0 und d
082 |a 909.07 
082 |b M645 
100 |a Anne Millard 
245 0 |a Histoire des premières civilisations à la chute de Rome 
245 0 |c Anne Millard, Patricia Vanags 
260 |a Paris 
260 |b Rouge et Or 
260 |c 1980 
520 |a Encylopédie en images 
650 |a history, ancient 
904 |i Minh, 961004 
980 |a Trung tâm Học liệu Trường Đại học Cần Thơ